000 01512naa a2200337 i 4500
003 EG-GICUC
005 20260121101504.0
008 251215s1911 us ||||fr|||| ||1 | lat d
040 _aEG-GiCUC
_beng
_cEG-GiCUC
_dEG-GiCUC
_erda
082 0 4 _221
_a341.1
_bZO . I
092 0 4 _221
099 _aLaw1 11 341.1 ZO . I 1911
100 1 _aZouch, Richard,
_d1590-1661,
_eAuthor.
245 1 0 _aIuris Et Judicii Fecialis, Sive Ius Inter Gentes Et Quaestionum De Eodem Explicatio :
_bQua Quae Ad Pacem & Bellum Inter Diversos Principes, Aut Populos Spectant, Ex Praecipuis Historico-jure-peritis, Exhibentur.
_nVolume One /
_cBy Richard Zouche ; Editied by Thomas Erskine Holland .
264 1 _aNew York :
_bOxford University Press,
_c1933.
264 1 _aWashington, D.C. :
_bCarnegie Institution of Washington,
_c1911.
300 _aVarious paging :
_bPhotographs ;
_c24 cm.
336 _2rda content
_atext
337 _2rda media
_aComputer
338 _2rda carrier
_aOnline Resource
490 0 _aThe classics of international law.
500 _aIncludes index
500 _aText in Latin
505 _aI. A reproduction of the first edition (1650), with introduction, list of errata, and table of authors.--II. A translation of the text, by J.L. Brierly.
650 1 4 _aPublic international law
_2qrmak
651 1 _2qrmak
700 1 _aHolland, Thomas Erskine,
_d1835-1926,
_eeditor.
856 4 0 _uhttps://fll.law.cu.edu.eg/fulltext/bks/B11-05451.pdf
905 _a75
_eHassnaa
942 _2ddc
_n0
_cBK
_e21
999 _c50535
_d50535